[Event "FRA-chT4 0809"]
[Site "France "]
[Date "2009.03.15"]
[Round "6"]
[White "Heinsius, Ernst"]
[Black "Romanut Terral, Hadrien"]
[Result "1-0"]
[WhiteElo "1699"]
[BlackElo "1199"]
[PlyCount "61"]
[EventDate "2008.10.??"]
[EventType "team-tourn"]
[EventRounds "9"]
[EventCountry "FRA"]
[SourceTitle "EXT 2010"]
[Source "ChessBase"]
[SourceDate "2010.11.25"]
[SourceVersion "1"]
[SourceVersionDate "2010.11.25"]
[SourceQuality "1"]

1. d4 e6 2. c4 Nc6 3. e3 Nf6 4. Nc3 Bb4 5. a3 Ba5 6. b4 Bxb4 7. axb4 Nxb4 8. Ba3 Nc6 9. Nf3 b6 10. d5 Na5 11. dxe6 fxe6 12. Be2 d6 13. 0-0 Bb7 14. Ng5 Qd7 15. Bb4 Qc6 16. Bf3 Qxc4 17. Bxa5 bxa5 18. Bxb7 Rb8 19. Bf3 Qxc3 20. Nxe6 g6 21. Rc1 Qe5 22. Nxc7+ Kd7 23. Na6 Rhf8 24. Qa4+ Ke6 25. Qc4+ Ke7 26. Qc7+ Ke6 27. Qxa7 h5 28. Rc7 Ng4 29. Bxg4+ hxg4 30. Re7+ Kd5 31. Rxe5+ 1-0